| 000 | 00345nam a22001457a 4500 | ||
|---|---|---|---|
| 020 | _a1-84477-737-5 | ||
| 082 |
_a641.6 _bBAC |
||
| 100 | _aBACON, JOSEPHINE | ||
| 245 | _aTHE AFRICAN AND MIDDLE EASTERN COOK BOOK | ||
| 260 |
_aLONDON _bANNES PUBLISHER _c2006 |
||
| 300 | _a256 | ||
| 650 | _aCOOKERY | ||
| 653 | _aAFRICAN ,COOK | ||
| 942 |
_2ddc _cBK |
||
| 999 |
_c8117 _d8117 |
||